[Event "DEM U12 2023"]
[Site "Willingen GER"]
[Date "2023.05.30"]
[Round "4"]
[White "Glöckler, Christian"]
[Black "Mohylnyi, Stepan"]
[Result "1-0"]
[Termination "normal"]
[Board "1"]
[WhiteTitle "FM"]
[WhiteElo "2288"]
[BlackElo "2073"]
[WhiteClock "00:21:50"]
[BlackClock "00:04:56"]
[PlyCount "75"]
[WhiteFideId "34608966"]
[BlackFideId "34127836"]
[EventCountry "GER"]
[EventRounds "9"]
[EventType "swiss"]
[EventDate "2023.05.27"]

1. c4 {[%clk 01:30:56]} {[%emt 00:00:05]} Nf6 {[%clk 01:30:51]} {[%emt
00:00:08]} 2. Nc3 {[%clk 01:31:19]} {[%emt 00:00:08]} d5 {[%clk 01:29:39]}
{[%emt 00:01:42]} 3. cxd5 {[%clk 01:31:26]} {[%emt 00:00:23]} Nxd5 {[%clk
01:29:58]} {[%emt 00:00:11]} 4. g3 {[%clk 01:31:19]} {[%emt 00:00:37]} g6
{[%clk 01:29:24]} {[%emt 00:01:04]} 5. Bg2 {[%clk 01:31:35]} {[%emt 00:00:13]}
Nxc3 {[%clk 01:29:30]} {[%emt 00:00:25]} 6. bxc3 {[%clk 01:31:49]} {[%emt
00:00:16]} Bg7 {[%clk 01:29:57]} {[%emt 00:00:02]} 7. Rb1 {[%clk 01:31:58]}
{[%emt 00:00:22]} c6 {[%clk 01:30:04]} {[%emt 00:00:23]} 8. d4 {[%clk
01:30:31]} {[%emt 00:01:56]} O-O {[%clk 01:29:42]} {[%emt 00:00:52]} 9. e3
{[%clk 01:28:38]} {[%emt 00:02:23]} Nd7 {[%clk 01:27:29]} {[%emt 00:02:44]} 10.
Ne2 {[%clk 01:27:30]} {[%emt 00:01:38]} Nb6 {[%clk 01:27:21]} {[%emt 00:00:37]}
11. O-O {[%clk 01:24:42]} {[%emt 00:03:19]} Be6 {[%clk 01:26:16]} {[%emt
00:01:35]} 12. Qc2 {[%clk 01:24:36]} {[%emt 00:00:36]} Qc7 {[%clk 01:26:20]}
{[%emt 00:00:25]} 13. e4 {[%clk 01:22:52]} {[%emt 00:02:14]} Bc4 {[%clk
01:25:12]} {[%emt 00:01:39]} 14. Be3 {[%clk 01:19:35]} {[%emt 00:03:47]} f5
{[%clk 01:16:11]} {[%emt 00:09:31]} 15. exf5 {[%clk 01:11:37]} {[%emt
00:08:28]} Rxf5 {[%clk 01:16:26]} {[%emt 00:00:15]} 16. Rfe1 {[%clk 01:09:30]}
{[%emt 00:02:36]} Bd5 {[%clk 01:15:25]} {[%emt 00:01:31]} 17. Bh3 {[%clk
01:07:53]} {[%emt 00:02:08]} Rff8 {[%clk 01:10:25]} {[%emt 00:05:29]} 18. Nf4
{[%clk 01:06:36]} {[%emt 00:01:47]} Kh8 {[%clk 00:55:03]} {[%emt 00:15:52]} 19.
Nd3 {[%clk 01:02:39]} {[%emt 00:04:27]} e6 {[%clk 00:46:30]} {[%emt 00:09:03]}
20. Bf4 {[%clk 01:00:06]} {[%emt 00:03:04]} Qf7 {[%clk 00:45:47]} {[%emt
00:01:13]} 21. Rxb6 {[%clk 00:53:00]} {[%emt 00:07:35]} axb6 {[%clk 00:37:39]}
{[%emt 00:08:38]} 22. c4 {[%clk 00:53:11]} {[%emt 00:00:19]} Bf3 {[%clk
00:34:24]} {[%emt 00:03:46]} 23. Bxe6 {[%clk 00:50:02]} {[%emt 00:03:39]} Qf6
{[%clk 00:33:57]} {[%emt 00:00:56]} 24. Be5 {[%clk 00:48:07]} {[%emt 00:02:25]}
Qe7 {[%clk 00:28:08]} {[%emt 00:06:19]} 25. d5 {[%clk 00:45:29]} {[%emt
00:03:08]} Bxe5 {[%clk 00:24:13]} {[%emt 00:04:25]} 26. Nxe5 {[%clk 00:44:58]}
{[%emt 00:01:01]} Qg7 {[%clk 00:23:55]} {[%emt 00:00:49]} 27. Re3 {[%clk
00:43:52]} {[%emt 00:01:35]} cxd5 {[%clk 00:16:40]} {[%emt 00:07:45]} 28. cxd5
{[%clk 00:39:29]} {[%emt 00:04:54]} Bh5 {[%clk 00:07:11]} {[%emt 00:09:59]} 29.
g4 {[%clk 00:37:57]} {[%emt 00:02:02]} Rf4 {[%clk 00:07:40]} {[%emt 00:00:01]}
30. gxh5 {[%clk 00:32:26]} {[%emt 00:05:59]} gxh5+ {[%clk 00:08:06]} {[%emt
00:00:06]} 31. Kh1 {[%clk 00:32:10]} {[%emt 00:00:44]} Raf8 {[%clk 00:08:04]}
{[%emt 00:00:33]} 32. Nd3 {[%clk 00:31:32]} {[%emt 00:01:08]} R4f6 {[%clk
00:07:07]} {[%emt 00:01:28]} 33. Qb2 {[%clk 00:26:07]} {[%emt 00:05:55]} h4
{[%clk 00:06:25]} {[%emt 00:01:12]} 34. d6 {[%clk 00:23:31]} {[%emt 00:03:05]}
h3 {[%clk 00:06:24]} {[%emt 00:00:32]} 35. Rg3 {[%clk 00:22:36]} {[%emt
00:01:24]} Qh6 {[%clk 00:04:54]} {[%emt 00:02:00]} 36. d7 {[%clk 00:22:10]}
{[%emt 00:00:56]} Qh4 {[%clk 00:05:04]} {[%emt 00:00:20]} 37. f4 {[%clk
00:21:54]} {[%emt 00:00:45]} Qh6 {[%clk 00:04:56]} {[%emt 00:00:39]} 38. Ne5
{[%clk 00:21:50]} {[%emt 00:00:32]} 1-0

[Event "DEM U12 2023"]
[Site "Willingen GER"]
[Date "2023.05.30"]
[Round "4"]
[White "Shen, Tingrui"]
[Black "Vartanian, Roman"]
[Result "1-0"]
[Termination "normal"]
[Board "2"]
[WhiteElo "1801"]
[BlackElo "1619"]
[WhiteClock "00:40:11"]
[BlackClock "00:31:16"]
[PlyCount "79"]
[WhiteFideId "34603441"]
[BlackFideId "34140107"]
[EventCountry "GER"]
[EventRounds "9"]
[EventType "swiss"]
[EventDate "2023.05.27"]

1. e4 {[%clk 01:30:45]} {[%emt 00:00:14]} c5 {[%clk 01:30:53]} {[%emt
00:00:07]} 2. Nf3 {[%clk 01:30:53]} {[%emt 00:00:22]} d6 {[%clk 01:31:14]}
{[%emt 00:00:09]} 3. d4 {[%clk 01:31:13]} {[%emt 00:00:11]} cxd4 {[%clk
01:31:38]} {[%emt 00:00:06]} 4. Nxd4 {[%clk 01:31:33]} {[%emt 00:00:09]} Nf6
{[%clk 01:32:00]} {[%emt 00:00:08]} 5. Nc3 {[%clk 01:31:39]} {[%emt 00:00:25]}
a6 {[%clk 01:32:26]} {[%emt 00:00:04]} 6. Bg5 {[%clk 01:31:50]} {[%emt
00:00:19]} e6 {[%clk 01:32:21]} {[%emt 00:00:35]} 7. f4 {[%clk 01:32:10]}
{[%emt 00:00:10]} Qb6 {[%clk 01:31:13]} {[%emt 00:01:37]} 8. Nb3 {[%clk
01:31:40]} {[%emt 00:01:00]} Nbd7 {[%clk 01:31:05]} {[%emt 00:00:39]} 9. Qf3
{[%clk 01:31:29]} {[%emt 00:00:40]} Be7 {[%clk 01:29:40]} {[%emt 00:01:56]} 10.
O-O-O {[%clk 01:28:53]} {[%emt 00:03:05]} Qc7 {[%clk 01:27:59]} {[%emt
00:02:12]} 11. Bd3 {[%clk 01:26:24]} {[%emt 00:02:58]} h6 {[%clk 01:23:16]}
{[%emt 00:05:13]} 12. Bh4 {[%clk 01:17:11]} {[%emt 00:09:43]} Rb8 {[%clk
01:18:33]} {[%emt 00:05:13]} 13. Rhe1 {[%clk 01:14:07]} {[%emt 00:03:35]} b5
{[%clk 01:17:08]} {[%emt 00:01:55]} 14. e5 {[%clk 01:02:17]} {[%emt 00:12:20]}
dxe5 {[%clk 01:07:00]} {[%emt 00:10:38]} 15. fxe5 {[%clk 01:02:08]} {[%emt
00:00:39]} Ng8 {[%clk 00:55:42]} {[%emt 00:11:45]} 16. Bg3 {[%clk 00:58:00]}
{[%emt 00:04:41]} Bg5+ {[%clk 00:47:51]} {[%emt 00:08:20]} 17. Kb1 {[%clk
00:57:01]} {[%emt 00:01:30]} Nc5 {[%clk 00:44:35]} {[%emt 00:03:45]} 18. Nxc5
{[%clk 00:55:40]} {[%emt 00:01:52]} Qxc5 {[%clk 00:44:52]} {[%emt 00:00:12]}
19. Ne4 {[%clk 00:55:50]} {[%emt 00:00:20]} Qa7 {[%clk 00:42:36]} {[%emt
00:02:45]} 20. Nd6+ {[%clk 00:55:21]} {[%emt 00:01:00]} Kf8 {[%clk 00:42:43]}
{[%emt 00:00:24]} 21. Bg6 {[%clk 00:52:05]} {[%emt 00:03:45]} f5 {[%clk
00:42:16]} {[%emt 00:00:57]} 22. Nf7 {[%clk 00:48:49]} {[%emt 00:03:46]} Bb7
{[%clk 00:39:28]} {[%emt 00:03:18]} 23. Qf2 {[%clk 00:43:28]} {[%emt 00:05:51]}
Qxf2 {[%clk 00:38:49]} {[%emt 00:01:09]} 24. Bxf2 {[%clk 00:43:38]} {[%emt
00:00:20]} Ne7 {[%clk 00:37:22]} {[%emt 00:01:56]} 25. Nxh8 {[%clk 00:43:53]}
{[%emt 00:00:16]} Bxg2 {[%clk 00:35:40]} {[%emt 00:02:11]} 26. Bh5 {[%clk
00:42:14]} {[%emt 00:02:10]} Be4 {[%clk 00:33:50]} {[%emt 00:02:18]} 27. Ng6+
{[%clk 00:42:00]} {[%emt 00:00:46]} Nxg6 {[%clk 00:34:18]} {[%emt 00:00:02]}
28. Bxg6 {[%clk 00:42:20]} {[%emt 00:00:11]} Rc8 {[%clk 00:34:41]} {[%emt
00:00:06]} 29. Rxe4 {[%clk 00:42:20]} {[%emt 00:00:30]} fxe4 {[%clk 00:35:03]}
{[%emt 00:00:09]} 30. Bxe4 {[%clk 00:42:43]} {[%emt 00:00:07]} Bf4 {[%clk
00:35:21]} {[%emt 00:00:10]} 31. Rf1 {[%clk 00:42:22]} {[%emt 00:00:52]} Ke7
{[%clk 00:34:44]} {[%emt 00:01:08]} 32. Bh4+ {[%clk 00:41:41]} {[%emt
00:01:11]} g5 {[%clk 00:35:05]} {[%emt 00:00:08]} 33. Rxf4 {[%clk 00:41:50]}
{[%emt 00:00:21]} Rd8 {[%clk 00:32:45]} {[%emt 00:02:46]} 34. Bd3 {[%clk
00:41:25]} {[%emt 00:00:59]} Rd5 {[%clk 00:32:49]} {[%emt 00:00:26]} 35. Rf6
{[%clk 00:39:17]} {[%emt 00:02:38]} Rxe5 {[%clk 00:30:10]} {[%emt 00:03:10]}
36. Rxh6 {[%clk 00:39:30]} {[%emt 00:00:16]} gxh4 {[%emt 00:00:08]} 37. a3
{[%clk 00:39:47]} {[%emt 00:00:12]} Re1+ {[%clk 00:30:29]} {[%emt 00:00:34]}
38. Ka2 {[%clk 00:40:02]} {[%emt 00:00:15]} e5 {[%clk 00:30:52]} {[%emt
00:00:06]} 39. Rxh4 {[%clk 00:40:02]} {[%emt 00:00:32]} Ke6 {[%clk 00:31:16]}
{[%emt 00:00:06]} 40. Re4 {[%clk 00:40:11]} {[%emt 00:00:20]} 1-0

[Event "DEM U12 2023"]
[Site "Willingen GER"]
[Date "2023.05.30"]
[Round "4"]
[White "Fischermann, Simon"]
[Black "Sydykov, Bayastan"]
[Result "0-1"]
[Termination "normal"]
[Board "3"]
[WhiteElo "1659"]
[BlackElo "1939"]
[WhiteClock "00:32:55"]
[BlackClock "00:16:02"]
[PlyCount "48"]
[WhiteFideId "34620869"]
[BlackFideId "13829610"]
[EventCountry "GER"]
[EventRounds "9"]
[EventType "swiss"]
[EventDate "2023.05.27"]

1. e4 {[%clk 01:30:59]} e6 {[%clk 01:30:51]} {[%emt 00:00:10]} 2. d4 {[%clk
01:31:24]} {[%emt 00:00:06]} d5 {[%clk 01:31:10]} {[%emt 00:00:09]} 3. exd5
{[%clk 01:31:46]} {[%emt 00:00:08]} exd5 {[%clk 01:31:38]} {[%emt 00:00:03]} 4.
Bd3 {[%clk 01:32:03]} {[%emt 00:00:12]} Bd6 {[%clk 01:31:52]} {[%emt 00:00:17]}
5. Nf3 {[%clk 01:31:08]} {[%emt 00:01:25]} Nf6 {[%clk 01:30:36]} {[%emt
00:01:45]} 6. Bg5 {[%clk 01:31:23]} {[%emt 00:00:15]} O-O {[%clk 01:30:20]}
{[%emt 00:00:47]} 7. O-O {[%clk 01:31:37]} {[%emt 00:00:15]} Re8 {[%clk
01:29:13]} {[%emt 00:01:38]} 8. c3 {[%clk 01:31:26]} {[%emt 00:00:39]} Nbd7
{[%clk 01:28:53]} {[%emt 00:00:52]} 9. Qc2 {[%clk 01:31:34]} {[%emt 00:00:21]}
h6 {[%clk 01:27:58]} {[%emt 00:01:26]} 10. Bh4 {[%clk 01:31:55]} {[%emt
00:00:08]} Nf8 {[%clk 01:27:51]} {[%emt 00:00:37]} 11. Nbd2 {[%clk 01:31:04]}
{[%emt 00:01:21]} g6 {[%clk 01:21:24]} {[%emt 00:06:58]} 12. Rae1 {[%clk
01:30:30]} {[%emt 00:01:02]} Kg7 {[%clk 01:19:26]} {[%emt 00:02:29]} 13. Ne5
{[%clk 01:19:13]} {[%emt 00:11:47]} c5 {[%clk 01:13:55]} {[%emt 00:06:02]} 14.
f4 {[%clk 01:17:19]} {[%emt 00:02:24]} Qc7 {[%clk 01:01:48]} {[%emt 00:12:37]}
15. dxc5 {[%clk 01:13:10]} {[%emt 00:04:38]} Bxc5+ {[%clk 00:58:43]} {[%emt
00:03:35]} 16. Kh1 {[%clk 01:13:16]} {[%emt 00:00:24]} Ng4 {[%clk 00:58:01]}
{[%emt 00:01:13]} 17. Nxg4 {[%clk 01:06:54]} {[%emt 00:06:51]} Bxg4 {[%clk
00:53:50]} {[%emt 00:04:42]} 18. Rxe8 {[%clk 01:04:49]} {[%emt 00:02:34]} Rxe8
{[%clk 00:54:08]} {[%emt 00:00:12]} 19. f5 {[%clk 01:04:38]} {[%emt 00:00:41]}
Qd7 {[%clk 00:34:47]} {[%emt 00:19:52]} 20. fxg6 {[%clk 00:55:07]} {[%emt
00:10:00]} Nxg6 {[%clk 00:33:25]} {[%emt 00:01:53]} 21. Bf6+ {[%clk 00:45:21]}
{[%emt 00:10:16]} Kh7 {[%clk 00:33:28]} {[%emt 00:00:26]} 22. b4 {[%clk
00:41:45]} {[%emt 00:04:07]} Bb6 {[%clk 00:27:55]} {[%emt 00:06:03]} 23. Nb3
{[%clk 00:38:39]} {[%emt 00:03:34]} Qd6 {[%clk 00:17:31]} {[%emt 00:10:56]} 24.
h3 {[%clk 00:32:55]} {[%emt 00:06:13]} Bc7 {[%clk 00:16:02]} {[%emt 00:02:00]}
0-1

[Event "DEM U12 2023"]
[Site "Willingen GER"]
[Date "2023.05.30"]
[Round "4"]
[White "Buchinger, Alexis"]
[Black "Stehning, Toni"]
[Result "1-0"]
[Termination "normal"]
[Board "5"]
[WhiteElo "1943"]
[BlackElo "1499"]
[WhiteClock "00:10:11"]
[BlackClock "00:41:05"]
[PlyCount "75"]
[WhiteFideId "16287134"]
[BlackFideId "34623477"]
[EventCountry "GER"]
[EventRounds "9"]
[EventType "swiss"]
[EventDate "2023.05.27"]

1. e4 {[%clk 01:30:58]} {[%emt 00:00:02]} e5 {[%clk 01:30:50]} {[%emt
00:00:10]} 2. Nf3 {[%clk 01:31:24]} {[%emt 00:00:06]} Nc6 {[%clk 01:31:14]}
{[%emt 00:00:04]} 3. Bc4 {[%clk 01:31:50]} {[%emt 00:00:04]} Nf6 {[%clk
01:31:34]} {[%emt 00:00:10]} 4. d3 {[%clk 01:32:14]} {[%emt 00:00:07]} h6
{[%clk 01:31:33]} {[%emt 00:00:31]} 5. c3 {[%clk 01:32:01]} {[%emt 00:00:43]}
Bc5 {[%clk 01:31:02]} {[%emt 00:01:00]} 6. a4 {[%clk 01:32:12]} {[%emt
00:00:19]} a6 {[%clk 01:31:17]} {[%emt 00:00:16]} 7. O-O {[%clk 01:30:27]}
{[%emt 00:02:14]} O-O {[%clk 01:31:11]} {[%emt 00:00:36]} 8. Nbd2 {[%clk
01:28:01]} {[%emt 00:02:56]} d6 {[%clk 01:31:17]} {[%emt 00:00:24]} 9. Re1
{[%clk 01:26:42]} {[%emt 00:01:48]} Ba7 {[%clk 01:31:36]} {[%emt 00:00:12]} 10.
Nf1 {[%clk 01:25:25]} {[%emt 00:01:47]} Ne7 {[%clk 01:31:58]} {[%emt 00:00:08]}
11. Ng3 {[%clk 01:24:48]} {[%emt 00:01:07]} Ng6 {[%clk 01:32:06]} {[%emt
00:00:22]} 12. h3 {[%clk 01:24:21]} {[%emt 00:00:56]} c6 {[%clk 01:31:47]}
{[%emt 00:00:49]} 13. Ba2 {[%clk 01:24:38]} {[%emt 00:00:13]} Re8 {[%clk
01:31:23]} {[%emt 00:00:55]} 14. d4 {[%clk 01:20:54]} {[%emt 00:04:15]} Qc7
{[%clk 01:23:32]} {[%emt 00:08:21]} 15. Qd3 {[%clk 01:14:30]} {[%emt 00:06:53]}
Bd7 {[%clk 01:22:06]} {[%emt 00:01:56]} 16. Be3 {[%clk 01:06:37]} {[%emt
00:08:23]} c5 {[%clk 01:15:48]} {[%emt 00:06:49]} 17. dxe5 {[%clk 00:54:31]}
{[%emt 00:12:35]} dxe5 {[%clk 01:15:25]} {[%emt 00:00:53]} 18. Qc2 {[%clk
00:53:38]} {[%emt 00:01:23]} Bc6 {[%clk 01:14:03]} {[%emt 00:01:52]} 19. Rad1
{[%clk 00:49:14]} {[%emt 00:04:54]} Rad8 {[%clk 01:13:44]} {[%emt 00:00:48]}
20. Rd2 {[%clk 00:45:04]} {[%emt 00:04:41]} Rd7 {[%clk 01:11:58]} {[%emt
00:02:16]} 21. Rxd7 {[%clk 00:42:58]} {[%emt 00:02:36]} Qxd7 {[%clk 01:03:10]}
{[%emt 00:09:18]} 22. Rd1 {[%clk 00:41:09]} {[%emt 00:02:19]} Qc7 {[%clk
01:03:23]} {[%emt 00:00:17]} 23. Bd5 {[%clk 00:37:39]} {[%emt 00:04:00]} Bxd5
{[%clk 00:53:57]} {[%emt 00:09:56]} 24. exd5 {[%clk 00:37:57]} {[%emt
00:00:12]} b5 {[%clk 00:52:24]} {[%emt 00:02:03]} 25. axb5 {[%clk 00:35:21]}
{[%emt 00:03:06]} axb5 {[%clk 00:52:03]} {[%emt 00:00:50]} 26. Ne4 {[%clk
00:28:37]} {[%emt 00:07:14]} Nxe4 {[%clk 00:49:39]} {[%emt 00:02:54]} 27. Qxe4
{[%clk 00:28:36]} {[%emt 00:00:31]} c4 {[%clk 00:48:05]} {[%emt 00:02:05]} 28.
d6 {[%clk 00:27:39]} {[%emt 00:01:26]} Qd7 {[%clk 00:45:55]} {[%emt 00:02:40]}
29. Bxa7 {[%clk 00:26:17]} {[%emt 00:01:52]} Qxa7 {[%clk 00:46:19]} {[%emt
00:00:07]} 30. d7 {[%clk 00:23:14]} {[%emt 00:03:33]} Rd8 {[%clk 00:45:45]}
{[%emt 00:01:03]} 31. Nxe5 {[%clk 00:17:59]} {[%emt 00:05:46]} Qa4 {[%clk
00:45:18]} {[%emt 00:00:57]} 32. Rd2 {[%clk 00:13:05]} {[%emt 00:05:24]} Nxe5
{[%clk 00:45:14]} {[%emt 00:00:34]} 33. Qxe5 {[%clk 00:13:22]} {[%emt
00:00:13]} Qa1+ {[%clk 00:42:13]} {[%emt 00:03:31]} 34. Kh2 {[%clk 00:13:47]}
{[%emt 00:00:04]} Qc1 {[%clk 00:42:40]} {[%emt 00:00:04]} 35. Qe8+ {[%clk
00:10:29]} {[%emt 00:03:47]} Kh7 {[%clk 00:42:28]} {[%emt 00:00:43]} 36. Qxd8
{[%clk 00:10:31]} {[%emt 00:00:29]} Qxd2 {[%clk 00:42:53]} {[%emt 00:00:04]}
37. Qc7 {[%clk 00:10:29]} {[%emt 00:00:31]} Qxf2 {[%clk 00:41:05]} {[%emt
00:02:19]} 38. d8=Q {[%clk 00:10:11]} {[%emt 00:00:47]} 1-0

[Event "DEM U12 2023"]
[Site "Willingen GER"]
[Date "2023.05.30"]
[Round "4"]
[White "Ratushnyi, Viktor"]
[Black "Polzin, Gustav"]
[Result "1-0"]
[Termination "normal"]
[Board "6"]
[WhiteElo "1627"]
[BlackElo "2018"]
[WhiteClock "00:30:01"]
[BlackClock "00:37:47"]
[PlyCount "89"]
[WhiteFideId "34167293"]
[BlackFideId "34603280"]
[EventCountry "GER"]
[EventRounds "9"]
[EventType "swiss"]
[EventDate "2023.05.27"]

1. e4 {[%clk 01:30:59]} c6 {[%clk 01:30:23]} {[%emt 00:00:38]} 2. d4 {[%clk
01:31:21]} {[%emt 00:00:07]} d5 {[%clk 01:30:29]} {[%emt 00:00:25]} 3. exd5
{[%clk 01:31:45]} {[%emt 00:00:05]} cxd5 {[%clk 01:30:33]} {[%emt 00:00:27]} 4.
c4 {[%clk 01:32:08]} {[%emt 00:00:06]} Nc6 {[%clk 01:29:42]} {[%emt 00:01:22]}
5. cxd5 {[%clk 01:30:25]} {[%emt 00:02:12]} Qxd5 {[%clk 01:29:33]} {[%emt
00:00:40]} 6. Nf3 {[%clk 01:30:06]} {[%emt 00:00:48]} Bg4 {[%clk 01:27:47]}
{[%emt 00:02:17]} 7. Nc3 {[%clk 01:18:30]} {[%emt 00:12:06]} Bxf3 {[%clk
01:26:50]} {[%emt 00:01:27]} 8. Nxd5 {[%clk 01:18:42]} {[%emt 00:00:17]} Bxd1
{[%clk 01:27:01]} {[%emt 00:00:19]} 9. Nc7+ {[%clk 01:19:06]} {[%emt 00:00:06]}
Kd7 {[%clk 01:26:48]} {[%emt 00:00:44]} 10. Nxa8 {[%clk 01:19:22]} {[%emt
00:00:14]} Bg4 {[%clk 01:26:05]} {[%emt 00:01:13]} 11. Bb5 {[%clk 01:15:04]}
{[%emt 00:04:48]} Nf6 {[%clk 01:23:57]} {[%emt 00:02:39]} 12. f3 {[%clk
01:09:22]} {[%emt 00:06:10]} Be6 {[%clk 01:22:13]} {[%emt 00:02:15]} 13. Bf4
{[%clk 01:04:35]} {[%emt 00:05:16]} Nh5 {[%clk 01:01:49]} {[%emt 00:20:54]} 14.
Be5 {[%clk 00:48:12]} {[%emt 00:16:53]} f6 {[%clk 00:59:09]} {[%emt 00:03:10]}
15. O-O-O {[%clk 00:35:36]} {[%emt 00:13:07]} fxe5 {[%clk 00:47:22]} {[%emt
00:12:17]} 16. d5 {[%clk 00:35:52]} {[%emt 00:00:13]} Bxd5 {[%clk 00:44:42]}
{[%emt 00:03:11]} 17. Rxd5+ {[%clk 00:36:17]} {[%emt 00:00:06]} Kc8 {[%clk
00:44:33]} {[%emt 00:00:38]} 18. Rhd1 {[%clk 00:31:13]} {[%emt 00:05:33]} Nf6
{[%clk 00:38:35]} {[%emt 00:06:29]} 19. Bxc6 {[%clk 00:30:31]} {[%emt
00:01:12]} Nxd5 {[%clk 00:38:36]} {[%emt 00:00:28]} 20. Bxd5 {[%clk 00:30:52]}
{[%emt 00:00:09]} b6 {[%clk 00:34:58]} {[%emt 00:04:09]} 21. Be6+ {[%clk
00:29:50]} {[%emt 00:01:32]} Kb7 {[%clk 00:35:09]} {[%emt 00:00:19]} 22. Rd8
{[%clk 00:30:08]} {[%emt 00:00:11]} g6 {[%clk 00:34:45]} {[%emt 00:00:55]} 23.
Kc2 {[%clk 00:30:10]} {[%emt 00:00:28]} Bg7 {[%clk 00:33:48]} {[%emt 00:01:27]}
24. Bd5+ {[%clk 00:30:21]} {[%emt 00:00:18]} Ka6 {[%clk 00:34:08]} {[%emt
00:00:11]} 25. Rxh8 {[%clk 00:29:18]} {[%emt 00:01:32]} Bxh8 {[%clk 00:34:37]}
{[%emt 00:00:02]} 26. Nc7+ {[%clk 00:29:39]} {[%emt 00:00:08]} Ka5 {[%clk
00:35:03]} {[%emt 00:00:05]} 27. a3 {[%clk 00:29:43]} {[%emt 00:00:26]} b5
{[%clk 00:35:12]} {[%emt 00:00:21]} 28. Be4 {[%clk 00:29:05]} {[%emt 00:01:07]}
Bf6 {[%clk 00:35:13]} {[%emt 00:00:30]} 29. Ne6 {[%clk 00:27:54]} {[%emt
00:01:40]} Kb6 {[%clk 00:35:06]} {[%emt 00:00:38]} 30. b3 {[%clk 00:25:19]}
{[%emt 00:03:04]} a5 {[%clk 00:35:08]} {[%emt 00:00:29]} 31. a4 {[%clk
00:25:29]} {[%emt 00:00:19]} b4 {[%clk 00:35:30]} {[%emt 00:00:09]} 32. Kd3
{[%clk 00:25:48]} {[%emt 00:00:11]} Ka7 {[%clk 00:35:31]} {[%emt 00:00:29]} 33.
Kc4 {[%clk 00:25:57]} {[%emt 00:00:20]} Kb6 {[%clk 00:35:51]} {[%emt 00:00:12]}
34. Nf8 {[%clk 00:26:14]} {[%emt 00:00:11]} h5 {[%clk 00:35:38]} {[%emt
00:00:44]} 35. Nd7+ {[%clk 00:26:18]} {[%emt 00:00:25]} Kc7 {[%clk 00:35:38]}
{[%emt 00:00:30]} 36. Nxf6 {[%clk 00:26:41]} {[%emt 00:00:07]} exf6 {[%clk
00:35:57]} {[%emt 00:00:11]} 37. Bxg6 {[%clk 00:27:08]} {[%emt 00:00:03]} h4
{[%clk 00:36:06]} {[%emt 00:00:22]} 38. g3 {[%clk 00:27:33]} {[%emt 00:00:05]}
hxg3 {[%clk 00:36:05]} {[%emt 00:00:31]} 39. hxg3 {[%clk 00:28:00]} {[%emt
00:00:03]} Kd6 {[%clk 00:36:29]} {[%emt 00:00:06]} 40. g4 {[%clk 00:28:24]}
{[%emt 00:00:05]} Kc6 {[%clk 00:36:53]} {[%emt 00:00:06]} 41. Be4+ {[%clk
00:28:48]} {[%emt 00:00:05]} Kd6 {[%clk 00:37:05]} {[%emt 00:00:20]} 42. Kb5
{[%clk 00:29:14]} {[%emt 00:00:04]} Kc7 {[%clk 00:36:58]} {[%emt 00:00:37]} 43.
Kxa5 {[%clk 00:29:36]} {[%emt 00:00:07]} Kb8 {[%clk 00:37:21]} {[%emt
00:00:07]} 44. Kb6 {[%clk 00:30:01]} {[%emt 00:00:05]} Kc8 {[%clk 00:37:47]}
{[%emt 00:00:04]} 45. a5 {[%emt 00:00:11]} 1-0